An expanded sourcebook; Qualitative data analysis (Record no. 5380)
[ view plain ]
| 000 -LEADER | |
|---|---|
| fixed length control field | 00626nam a22002177a 4500 |
| 003 - CONTROL NUMBER IDENTIFIER | |
| control field | OSt |
| 005 - DATE AND TIME OF LATEST TRANSACTION | |
| control field | 20161031142429.0 |
| 008 - FIXED-LENGTH DATA ELEMENTS--GENERAL INFORMATION | |
| fixed length control field | 161031b xxu||||| |||| 00| 0 eng d |
| 020 ## - INTERNATIONAL STANDARD BOOK NUMBER | |
| International Standard Book Number | 0803955405 |
| 040 ## - CATALOGING SOURCE | |
| Transcribing agency | DDC |
| 082 ## - DEWEY DECIMAL CLASSIFICATION NUMBER | |
| Classification number | 001.42 MIL 1994 |
| 100 ## - MAIN ENTRY--PERSONAL NAME | |
| Personal name | Miles, Mathew B; Michael, A. Huberman |
| 9 (RLIN) | 11259 |
| 245 ## - TITLE STATEMENT | |
| Title | An expanded sourcebook; Qualitative data analysis |
| 250 ## - EDITION STATEMENT | |
| Edition statement | 2nd ed. |
| 260 ## - PUBLICATION, DISTRIBUTION, ETC. (IMPRINT) | |
| Place of publication, distribution, etc. | Thousand Oaks; Sage publications, 1994 |
| 300 ## - PHYSICAL DESCRIPTION | |
| Extent | xiv,338p; ill: 28cm |
| 504 ## - BIBLIOGRAPHY, ETC. NOTE | |
| Bibliography, etc | References, & indices included |
| 650 ## - SUBJECT ADDED ENTRY--TOPICAL TERM | |
| Topical term or geographic name as entry element | Qualitative data |
| 9 (RLIN) | 9936 |
| 650 ## - SUBJECT ADDED ENTRY--TOPICAL TERM | |
| Topical term or geographic name as entry element | Research methods |
| 9 (RLIN) | 2296 |
| 942 ## - ADDED ENTRY ELEMENTS (KOHA) | |
| Source of classification or shelving scheme | Dewey Decimal Classification |
| Koha item type | Open Shelf |
| Withdrawn status | Lost status | Source of classification or shelving scheme | Damaged status | Not for loan | Home library | Current library | Date acquired | Source of acquisition | Serial Enumeration / chronology | Total Checkouts | Full call number | Barcode | Date last seen | Koha item type | Inventory number | Price effective from |
|---|---|---|---|---|---|---|---|---|---|---|---|---|---|---|---|---|
| Dewey Decimal Classification | MUST Main Library | MUST Main Library | 31/10/2016 | 04/20810 | 001.42 MIL 1994 | 2016-4894 | 31/10/2016 | Open Shelf | ||||||||
| Dewey Decimal Classification | MUST Main Library | MUST Main Library | 03/09/2024 | Purchase | 001.42 MIL 1994 | 2024-22306 | 03/09/2024 | Book Bank | 04/20809 | 03/09/2024 |
